000 00898nmm a2200253 a 4500
001 ocm000667964
003 TR-IsHL
005 20201028135323.0
008 131209s2008 tu tur
007 cr cn
035 _a667964
_b(N$T)
050 0 4 _aLB2367.4
_b.Y55 2008
090 0 4 _aLB2367.4
_b.Y55 2008
100 1 _aYılmaz, M. Abdullah
245 1 0 _aSüper soru çözüm teknikleri
_h[electronic resource] /
_cM. Abdullah Yılmaz
260 _aİstanbul :
_bAkis Kitap,
_c2008
300 _a96 p.
650 4 _aFelsefe, Psikoloji ve Din
650 4 _aPhilosophy, Psychology and Religion
650 0 _aÇalışma teknikleri, öğrenciler için
650 0 _aStudy techniques for students
650 7 _aEDUCATION / Teaching Methods & Materials / Science & Technology
_2bisacsh
856 4 0 _uhttp://search.ebscohost.com/login.aspx?direct=true&scope=site&db=e011xww&AN=667964
999 _c6678
_d6678